| 000 | 004340000a22001210004500 | ||
|---|---|---|---|
| 090 |
_aAS _bSeriadas |
||
| 245 | 1 | 0 | _aNueva especie de Diplostephium (<Compositae, Astereae>) de Colombia |
| 041 | 0 | _aEspañol | |
| 700 | 1 |
_aRestrepo, Blanca Leonora _999110 |
|
| 100 | 1 |
_aDíaz Piedrahita, Santiago _995842 |
|
| 942 | _cARTICULO | ||
| 773 | 1 |
_tRevista de la Academia Colombiana de Ciencias Exactas, Fisicas y Naturales _332 _h73 _q243-245 _d1994 _g19 |
|
| 999 |
_c14102 _d14102 |
||